Manghol un niuca Tobca'an = (Record no. 15732)

MARC details
000 -BAŞLIK
Sabit Uzunlukta Kontrol Alanı 00952nam a22002537a 4500
999 ## - SİSTEM KONTROL NUMARALARI (KOHA)
Koha Biblionumber 15732
Koha Biblioitemnumber 15732
003 - KONTROL NUMARASI IDENTIFIER
Denetim Alanı MIRAKIL
005 - SON İŞLEM TARİHİ VE ZAMANI
Denetim Alanı 20240321150722.0
008 - SABİT-BOY VERİ ELEMANLARI - GENEL BİLGİLER
Sabit Uzunlukta Kontrol Alanı 240321b tu ||||| |||| 00| 0 tur d
020 ## - ULUSLARARASI STANDART KİTAP NUMARASI
Uluslararası Standart Kitap Numarası 9789751745323
040 ## - KATALOGLAMA KAYNAK
Orijinal Kataloglama Ajansı TR-AnCHP
Metne Dönüştürmek Ajansı TR-AnCHP
041 ## - DİL KODU
Metin / Ses Parça Veya Ayrı Başlığın Dil Kodu tur
082 ## - DEWEY ONLU SINIFLANDIRMA NUMARASI
Sınıflandırma Numarası 494.203
Ürün Numarası H87m 2020
100 ## - ANA GİRİŞ - KİŞİSEL İSİM
Kişisel Ad Hutuhu, Sigi
245 10 - BAŞLIK TABLOSU
Başlık Manghol un niuca Tobca'an =
Başlığın Kalan Yüan-ch'ao pi-shi = Moğolların gizli tarihi sözlük /
Sorumluluk Tablosu, Vb Sigi Hutuhu ; Erich Haenish'ten çeviren: Mustafa S. Kaçalin
246 ## - UNVAN FORM VARYING
Başlık Doğru / Kısa Başlığı Moğolların gizli tarihi sözlük
246 ## - UNVAN FORM VARYING
Başlık Doğru / Kısa Başlığı Yüan-ch'ao pi-shi
260 ## - YAYIN, DAĞITIM, VB
Yayın, Dağıtım, Vb Yeri Ankara :
Yayıncı, Dağıtıcı, Vs Adı Türk Dil Kurumu,
Yayın, Dağıtım, Vb Tarihi 2020.
300 ## - FİZİKSEL TANIM
Kapsam 447 sayfa ;
Boyutlar 20 cm.
490 0# - SERİSİ TABLOSU
Seri Beyanı Atatürk Kültür, Dil ve Tarih Yüksek Kurumu Türk Dil Kurumu Yayınları ;
Hacim / Ardışık Tanımı 1331.
504 ## - KAYNAKÇA VB NOT
Kaynakça Vb Notu Kaynakça: 20. sayfa<br/>
650 #0 - KONU KATMA GİRİŞ - TOPİKAL DÖNEM
9 (RLIN) 7842
Topikal Süreli Veya Coğrafi Ad Giriş Elemanı Moğol dili
Genel Alt Bölümü sözlük
856 ## - ELEKTRONİK YER VE ERİŞİM
Kamu Notu Dijital Nüshası için Partimizin Kütüphane Sorumlusu ile iletişime geçiniz.
942 ## - EKLENDİ GİRİŞ ELEMANLARI (KOHA)
Sınıflandırma Veya Raf Düzeni Kaynak Dewey Decimal Classification
Koha Öğesi Türü Books
Holdings
Kalıcı Konum Mevcut Konum Edinme Tarihi Toplam Check-Out'Lar Tam Çağrı Numarası Barkod Tarih Son Görülme İtibaren Geçerli Fiyatlar Koha Öğesi Türü
CHP Kütüphanesi CHP Kütüphanesi 03/21/2024   494.203 H87m 2020 21666 03/21/2024 03/21/2024 Books